MDQL
is popping MORE tags! Check the
thread
!
Quizzes
Events
Quiz Creation
Community
Videos
Private Events
Remove Ads
Sign In
Join for FREE
Feedback
Dark Mode
Quiz Categories
Sports
Geography
Music
Movies
Television
Just For Fun
Miscellaneous
History
Literature
Language
Science
Gaming
Entertainment
Religion
Holiday
For Kids
Quiz Lab
Recent
Popular Today
Quiz Kudos Today
Editor Picks
Curator Picks
Quizzes by...
Day
Popularity
Type
Ratings
Length
Year
Community
Subscriptions
Recent Discussions
Orange Saloon
Badges
Playlists
Quests
Create
Leaderboards
Showdown
Live 5
Trivia Bingo
Activity
Puzzle Library
Sporcle Events
Private Events
Virtual Trivia
Globe League
Become a Host
Pub Owners
SporcleCon
Opinionation
Our Games
Videos
Blog
Mobile Apps
Partnerships
Remove Ads and Go Orange
Feedback
Television
TV Characters
TV Show
Sitcom
Network
Friends
Reality Shows
Cast
South Park
Star Trek
The Simpsons
Doctor Who
Television
TV Characters
TV Show
Sitcom
Network
Friends
Reality Shows
Cast
South Park
Star Trek
The Simpsons
Doctor Who
Random Quiz
Search Sporcle
×
Quiz Lab
Quiz Lab
Television
Slogans
Select answers by clicking on text or image buttons
Select answers by clicking on text or image buttons
Clickable
Best Score? Go Orange.
Mad Men: Ad Campaigns by Tagline Stats
Can you pick the ad campaigns on Mad Men by their taglines?
By
RioMadeira
6m
23 Questions
126 Plays
126 Plays
126 Plays
Comments
Comments
Give Quiz Kudos
Give Quiz Kudos
-
- Ratings
hide this ad
Forced Order
Answers have to be entered in order
Answers have to be entered in order
Replay
Link that replays current quiz
Next Quiz
Link to next quiz in quiz playlist
You Got
0%
They Got
Avg Score
77%
Avg Friend Score
Upgrade to see
Score Distribution
Jump to the score distribution portion of the page
Score
0/23
Timer
06:00
0
Plays Today
% Correct
Fillmore Auto Parts
92.7%
Jaguar Cars
92.1%
Life Cereal
92.1%
Burger Chef
92.1%
Accutron Watches
92.1%
Belle Jolie
90.5%
Popsicle
90.5%
Bethlehem Steel
88.9%
Western Union
88.3%
Utz Potato Chips
88.1%
Lucky Strike
84.9%
Mohawk Airlines
84.9%
% Correct
Playtex
80.2%
Jantzen Swimwear
76.2%
Hilton Hotels
75.4%
London Fog
74.6%
Heinz Ketchup
73%
Topaz Pantyhose
73%
Rejuvenator
72.2%
Heinz Baked Beans
68.3%
Right Guard
65.1%
Aqua Net
38.1%
Butler Footwear
23.8%
Quiz Playlist
Details
Report
Send in Message
Add To Playlist
Clickable:
Select answers by clicking on text or image buttons
Forced Order:
Answers have to be entered in order
Last Updated: Jun 21, 2019
Quiz Scoreboard
CHALLENGE
Sign Up to Join the Scoreboard
Show All
Scores
Hide
Comments
May contain spoilers
Recently Published
Image Sorting: Flags VI
by Barbecue
Geography
2m
Find the 'City' Movie
by crazypaving
Movies
60s
Colored Red Africa Blitz
by spor1
Geography
45s
More to Explore
Quiz From the Vault
Featured Blog Post
14 Easter Pick-up Lines to Find Eggs With
hide this ad
You Might Also Like...
Tags
Slogans Quiz
Advertising
campaign
Campaign Slogans
Corporate Slogans
Mad Men
Product Slogans
Today's Top Quizzes in Television
Browse Television
hide this ad
Today's Top Quizzes in Slogans
Browse Slogans
Top Contributed Quizzes in Television
1
Survivor Journey Challenge
2
Brooklyn Nine Nine Logic Puzzle (How-To-Play)
3
Total Drama Characters
4
Adjectives in 00s TV Shows
5
Phoebe Buffay Quotes
6
Survivor Heroes vs. Villains Logic Puzzle
7
Survivor Trivia
8
Emmerdale Characters (from August 2012)
9
Game of Thrones: Tywin Lannister Start to Finish
10
Survivor Logic Puzzle: Heroes vs. Villains
Explore More
Trending Topics
Crossword
Marvel
Disney
Anime
Harry Potter
NBA
Kpop
Puzzle
Soccer
The Office
WWE
Country
Pokémon
NFL
Song
hide this ad
More By:
RioMadeira
Quiz
Plays
Rating
Category
Featured
Created
Two-Word States and State Capitals
66,665
4.49
Geography
Jun 24, 2010
South Parkified Game of Thrones Characters
32,590
4.18
Television
Oct 13, 2014
Wardens of Westeros
21,524
4.16
Literature
Jan 13, 2014
ASOIAF: Birth Orders
10,808
4.21
Literature
May 29, 2016
Human Body Systems by Definition
9,174
4.36
Science
Sep 29, 2016
Go to Creator's Profile
Score Distribution
Quiz Creator Spotlight
RioMadeira
Follow
Send a Message
Quizzes Created
-
Created Quiz Play Count
-
More By This Creator
Popular Quizzes Today
1
Colored Red Africa Blitz
2
Find the US States - No Outlines Minefield
3
Find the 'City' Movie
4
5x2 Blitz: Bands
5
The Countries of the World
6
Find the US States
7
Find the Countries of Europe - No Outlines Minefield
8
US States
More Television Quizzes
'The Wire' Characters by Picture
Published
Trending Quizzes
Colored Red Europe Blitz I
Colored Red Europe Blitz II
Colored Red Africa Blitz II
Colored Red Europe Blitz III
Colored Red Africa Blitz III
Recently Updated
How Do You Spell That?
pecheneg
Godzilla Movies
pecheneg
Grab Bag: 4-10 Letters
pecheneg
2024 March Madness Bracket
pecheneg
Famous TV Couples
Peacemaker
Champions League XIs: Real Madrid
pecheneg
Largest US Cities 1790-2010
pecheneg
Rides in Walt Disney World
pecheneg
Most Oscar Losses (Acting)
pecheneg
Beyoncé Albums
pecheneg
Trending Topics
NBA
Disney
Harry Potter
Crossword
Kpop
Anime
Marvel
WWE
The Office
Puzzle
Country
Soccer
Pokémon
NFL
Song
Your Account Isn't Verified!
In order to create a playlist on Sporcle, you need to verify the email address you used during registration. Go to your
Sporcle Settings
to finish the process.
Report this User
Report this user for behavior that violates our
Community Guidelines
.
Details:
Send Report
Go to the Sporcle.com Mobile Site →
Comments